Banking and accounts: (Record no. 158520)

MARC details
000 -LEADER
fixed length control field 00641nam a22001937a 4500
005 - DATE AND TIME OF LATEST TRANSACTION
control field 20181105124840.0
010 ## - LCCN (DPL NO)
LC control number ENG-124432
020 ## - INTERNATIONAL STANDARD BOOK NUMBER
International Standard Book Number 9788193441466
Terms of availability 450.00
035 ## - SYSTEM CONTROL NUMBER
System control number EN-107964
037 ## - SOURCE OF ACQUISITION
Source of stock number/acquisition DBAD/PUB
082 ## - DEWEY DECIMAL CLASSIFICATION NUMBER
Classification number 332.1
100 ## - MAIN ENTRY--PERSONAL NAME
Personal name Haldar, Uday Kumar
245 ## - TITLE STATEMENT
Title Banking and accounts:
Remainder of title assessment handbook /
Statement of responsibility, etc by Uday Kumar Halder... [et...all.]
260 ## - PUBLICATION, DISTRIBUTION, ETC. (IMPRINT)
Place of publication, distribution, etc Kolkata
Name of publisher, distributor, etc Skill Hub Publication
Date of publication, distribution, etc 2017
270 ## - ADDRESS
City Kolkata
Address 105/2, Dum Dum Road, Scal Lanc,
Telephone number 9830138837
Electronic mail address skillhubpublication@gmail.com
300 ## - PHYSICAL DESCRIPTION
Extent 280p.
Dimensions 28cm(pbk)
700 ## - ADDED ENTRY--PERSONAL NAME
Personal name Haldar, Uday Kumar
942 ## - ADDED ENTRY ELEMENTS (KOHA)
Source of classification or shelving scheme Dewey Decimal Classification
Item type English Books
Classification part 332.1
Call number suffix HAL
Holdings
Withdrawn status Lost status Not for loan Collection code Home library Current library Date acquired Source of acquisition Cost, normal purchase price Full call number Barcode Copy number Cost, replacement price Koha item type
    Not For Loan Non-fiction D.B.Act.Division Bawana 01/11/2018 DBAD/PUB 450.00 332.1 HAL EN-107964 1 450.00 English Books

© Delhi Public Library
Hit Counter
free hit counter